| 000 | 00525nam a22001697a 4500 | ||
|---|---|---|---|
| 003 | BD-ChCU | ||
| 005 | 20260401140324.0 | ||
| 008 | 260401b bg ||||| |||| 00| 0 ben d | ||
| 040 | _cBD-ChCU | ||
| 082 | _a621.3 THT | ||
| 100 |
_aTheraja , B.L. _921058 |
||
| 245 |
_aA text book of electical trchnology in rationalizrd M.K.S.A. system of units ./ _cB.L. Theraja . |
||
| 260 |
_aNew Delhi : _bS. Chand . _cC 1972 |
||
| 300 | _axxvi , 1830p. | ||
| 650 | 0 |
_aElectric Apparatus and Appliances . _921059 |
|
| 942 |
_2ddc _cBK _n0 |
||
| 999 |
_c112004 _d112004 |
||